Most Capped Footballers for Denmark - Statistics

General Stats
  • This quiz has been taken 315 times
    180 since last reset
  • The average score is 11 of 25
Answer Stats
# Caps Years Answer % Correct
4 125 2010- Christian Eriksen
96%
11 96 2013- Kasper Schmeichel
94%
1 129 1987-2001 Peter Schmeichel
87%
16 82 1987-1998 Brian Laudrup
85%
7 104 1982-1998 Michael Laudrup
85%
1 129 2009- Simon Kjær
79%
25 72 2014- Yussuf Poulsen
58%
12 92 2001-2012 Christian Poulsen
57%
17 81 2006-2018 Nicklas Bendtner
49%
5 112 1997-2010 Jon Dahl Tomasson
45%
2 126 2000-2013 Dennis Rommedahl
42%
15 84 1986-1996 Lars Olsen
41%
8 102 1970-1989 Morten Olsen
41%
24 73 2013- Thomas Delaney
40%
22 75 2005-2016 Daniel Agger
36%
10 101 1999-2012 Thomas Sørensen
33%
6 108 1994-2008 Thomas Helveg
28%
20 80 1999-2010 Jesper Grønkjær
27%
8 102 1998-2011 Martin Jørgensen
27%
17 81 2006-2015 Lars Jacobsen
16%
14 86 1987-2002 Jan Heintze
15%
17 81 2007-2018 William Kvist
15%
13 87 1982-1992 John Sivebæk
13%
21 77 1983-1996 Kim Vilfort
12%
22 75 1970-1982 Per Røntved
6%
No matching quizzes found
Score Distribution
Percent of People with Each Score
Percentile by Number Answered
Your Score History
You have not taken this quiz since the last reset